[Event "ROM-ch U14"]
[Site "Calimanesti"]
[Date "2018.03.27"]
[Round "1"]
[White "Raducu, Ioan Stefan"]
[Black "Mintau, Andrei Catalin"]
[Result "0-1"]
[WhiteElo "1431"]
[BlackElo "1956"]
[PlyCount "52"]
[EventDate "2018.03.27"]
[EventType "swiss"]
[EventRounds "9"]
[EventCountry "ROU"]
[SourceTitle "CBM 183 Extra"]
[Source "ChessBase"]
[SourceDate "2018.04.19"]
[SourceVersion "1"]
[SourceVersionDate "2018.04.19"]
[SourceQuality "1"]

1. d4 Nf6 2. c4 c5 3. e3 e6 4. Nc3 cxd4 5. exd4 Be7 6. Be2 d6 7. Be3 Qc7 8. Nf3 Nbd7 9. b4 b6 10. a3 Bb7 11. 0-0 a6 12. Rc1 0-0 13. a4 Rac8 14. Nd2 Rfd8 15. Qb3 h6 16. Rc2 e5 17. d5 Ne8 18. Rfc1 f5 19. f3 Nef6 20. Nd1 Re8 21. Nb2 Bf8 22. Nd3 g5 23. g4 e4 24. fxe4 Nxe4 25. c5 Nxd2 26. cxb6 Nxb3 0-1

[Event "ROM-ch U12"]
[Site "Calimanesti Caciulata"]
[Date "2016.04.22"]
[Round "6"]
[White "Tudose, Matei Ovidiu"]
[Black "Raducu, Ioan Stefan"]
[Result "1-0"]
[WhiteElo "1554"]
[BlackElo "1321"]
[PlyCount "97"]
[EventDate "2016.04.18"]
[EventType "swiss"]
[EventRounds "9"]
[EventCountry "ROU"]
[SourceTitle "CBM 172 Extra"]
[Source "ChessBase"]
[SourceDate "2016.06.21"]
[SourceVersion "1"]
[SourceVersionDate "2016.06.21"]
[SourceQuality "1"]

1. e4 e5 2. Nf3 Nc6 3. Bb5 a6 4. Ba4 b5 5. Bb3 Nf6 6. 0-0 Bc5 7. d3 0-0 8. Bg5 Be7 9. Bxf6 Bxf6 10. Nbd2 Na5 11. h3 Nxb3 12. Nxb3 d6 13. Nh2 a5 14. Ng4 Bd7 15. Nxf6+ Qxf6 16. Nd2 c5 17. Qf3 Qxf3 18. Nxf3 f5 19. Rad1 Be6 20. a3 Rfb8 21. exf5 Bxf5 22. Nh4 Be6 23. f4 exf4 24. Rxf4 Rf8 25. Rxf8+ Rxf8 26. Rf1 d5 27. Re1 Bf7 28. Re7 b4 29. Ra7 bxa3 30. bxa3 Rb8 31. Rxa5 c4 32. dxc4 dxc4 33. Rc5 h6 34. Nf3 Rb1+ 35. Kh2 Ra1 36. Ne5 Be6 37. Nxc4 Bxc4 38. Rxc4 Rxa3 39. Rc7 Ra2 40. c4 Rc2 41. c5 Kf8 42. c6 g6 43. Rc8+ Ke7 44. c7 Kd7 45. Rg8 Kxc7 46. Rxg6 Rc6 47. Rxc6+ Kxc6 48. Kg3 Kd6 49. Kg4 1-0

[Event "ROM-ch U12"]
[Site "Calimanesti Caciulata"]
[Date "2016.04.18"]
[Round "1"]
[White "Raducu, Ioan Stefan"]
[Black "Ionescu, Luca"]
[Result "1-0"]
[WhiteElo "1321"]
[BlackElo "1001"]
[PlyCount "51"]
[EventDate "2016.04.18"]
[EventType "swiss"]
[EventRounds "9"]
[EventCountry "ROU"]
[SourceTitle "CBM 172 Extra"]
[Source "ChessBase"]
[SourceDate "2016.06.21"]
[SourceVersion "1"]
[SourceVersionDate "2016.06.21"]
[SourceQuality "1"]

1. d4 d5 2. c4 dxc4 3. e4 Nc6 4. d5 Nd4 5. Qxd4 Nf6 6. Nc3 e6 7. Bxc4 b6 8. Qd3 Bc5 9. Be3 0-0 10. Bxc5 bxc5 11. Nf3 Bb7 12. 0-0 Qd7 13. dxe6 fxe6 14. Qxd7 Nxd7 15. Bxe6+ Rf7 16. Bxf7+ Kxf7 17. Rad1 Rd8 18. Ne5+ Ke7 19. Nd5+ Ke6 20. Nxd7 Rxd7 21. Nf4+ Ke7 22. Rxd7+ Kxd7 23. Rd1+ Kc8 24. f3 g5 25. Ne6 g4 26. Rd8# 1-0

[Event "ROM-ch U10"]
[Site "Calimanesti"]
[Date "2014.04.07"]
[Round "2"]
[White "Antal, Hunor Zoltan"]
[Black "Raducu, Ioan Stefan"]
[Result "1-0"]
[WhiteElo "1249"]
[BlackElo "1022"]
[PlyCount "100"]
[EventDate "2014.04.06"]
[EventType "swiss"]
[EventRounds "9"]
[EventCountry "ROU"]
[SourceTitle "CBM 160 Extra"]
[Source "ChessBase"]
[SourceDate "2014.07.01"]
[SourceVersion "1"]
[SourceVersionDate "2014.07.01"]
[SourceQuality "1"]

1. e4 e5 2. Nf3 Nc6 3. Bc4 d6 4. d4 f6 5. 0-0 Bg4 6. dxe5 fxe5 7. h3 Bxf3 8. Qxf3 Nf6 9. c3 g6 10. Bg5 Bg7 11. Nd2 Rf8 12. Qe2 Qd7 13. b4 0-0-0 14. a4 h6 15. Be3 d5 16. exd5 Nxd5 17. Bxd5 Qxd5 18. c4 Qd7 19. Rab1 e4 20. Nxe4 Bd4 21. Rfd1 Qe7 22. Qg4+ Rf5 23. Bxd4 h5 24. Qe2 Nxd4 25. Qe3 Qe5 26. Ng3 Nc2 27. Qxe5 Rxe5 28. Rxd8+ Kxd8 29. Rd1+ Ke8 30. b5 Rc5 31. Rc1 Rxc4 32. Ne2 a6 33. g3 Kd7 34. Nf4 g5 35. Nxh5 Ke6 36. Kh2 Kf5 37. g4+ Ke4 38. bxa6 bxa6 39. Nf6+ Kf3 40. Kg1 Ke2 41. Ne8 Kd2 42. Rb1 Ne1 43. Kf1 Nd3 44. Kg2 Ke2 45. Rb3 Rf4 46. Kg1 Rxf2 47. Rxd3 Rf1+ 48. Kg2 Kxd3 49. Kxf1 c5 50. Nd6 Kc3 1-0

[Event "ROM-ch U10"]
[Site "Calimanesti"]
[Date "2014.04.06"]
[Round "1"]
[White "Raducu, Ioan Stefan"]
[Black "Gavris, Alexandru Catalin"]
[Result "0-1"]
[WhiteElo "1022"]
[BlackElo "1366"]
[PlyCount "32"]
[EventDate "2014.04.06"]
[EventType "swiss"]
[EventRounds "9"]
[EventCountry "ROU"]
[SourceTitle "CBM 160 Extra"]
[Source "ChessBase"]
[SourceDate "2014.07.01"]
[SourceVersion "1"]
[SourceVersionDate "2014.07.01"]
[SourceQuality "1"]

1. e4 d5 2. d3 d4 3. c3 c5 4. Nf3 Nc6 5. g3 e5 6. Bg2 Bg4 7. Nbd2 Nf6 8. 0-0 Bd6 9. b4 dxc3 10. Nc4 cxb4 11. Qb3 Bxf3 12. Bxf3 0-0 13. a3 Nd4 14. Qd1 b3 15. Be3 b2 16. Ra2 c2 0-1